000 00940cab a2200217 4500
001 E2788
008 090401t1997 xxu||||| |||| 00| 0 eng d
035 _a(Sirsi) u40971
041 _aeng
245 _aChurch Commissioners for England v Etam plc
260 _c1997
350 _a0
490 _aScots Law Times
_v1997 SLT 38-44 (7)
520 _aFirst Division. The Lord President (Hope), lords Sutherland and Brand. 28 July 1995. Landlord and tenant - lease - rent review - assumptions to be taken intoo account in terms of lease - requirement to assume no discount to reflect absence of rent free period, and to disregard value of rent free periods in applying evidence of open market rents - effect on treatment of evidence of such rents.
650 _aCOMMERCIAL LEASES
650 _aRENT FREE PERIODS
650 _aRENT REVIEWS
690 _aLANDLORD AND TENANT-CASE LAW-RENT REVIEWS
942 _n0
948 _c04/03/1997
999 _c26284
_d26284